000 00334nam a2200109Ia 4500
008 171211s9999 xx 000 0 und d
245 _aEncyclopedia of Protestantism: 4-volume set
245 _cHans J. Hillerbrand
260 _c2003
650 _xEncyclopedia and Dictionary
856 _uhttp://down.ebook777.com/054/9780415924726.pdf
999 _c350211
_d350211